000 00491nam a2200181Ia 4500
001 16232
005 20260306170254.0
008 260306t1948||||xx |||||||||||||| ||und||
041 _aESP
082 _a347.51
_bB27
100 _aBatardon, León
_eAUT
245 0 _aTratado práctico de sociedades mercantiles:
_bdesde el punto de vista contable, juridico y fiscal
260 _c1948
300 _a664 páginas :
_c22 cm.
650 _aGEN
654 _aCDE
942 _cLIB
_dJUS
_fJUS
_2ddc
_n
999 _c16232
_d16232